Sunrise on the reaping /

"As the day dawns on the fiftieth annual Hunger Games, fear grips the districts of Panem. This year, in honor of the Quarter Quell, twice as many tributes will be taken from their homes. Back in District 12, Haymitch Abernathy is trying not to think too hard about his chances. All he cares abou...

Full description

Bibliographic Details
Main Author: Collins, Suzanne (Author)
Format: Book
Language:English
Published: New York : Scholastic Press, 2025.
Edition:First edition.
Series:Collins, Suzanne. Hunger Games (Series) ; 5.
Subjects:

MARC

Tag First Indicator Second Indicator Subfields
LEADER 00000cam a22000001i 4500
001 in00005620773
008 250224t20252025nyu d 000 f eng d
005 20250328124938.8
035 |a (OCoLC)on1501393986 
040 |a IG#  |b eng  |e rda  |c IG#  |d OCLCO  |d OCO  |d AU@  |d CHILD  |d HCO  |d ATMAZ  |d VYG  |d YDX  |d BDX  |d AZZPT  |d IMT  |d HBP  |d IUK  |d IND 
019 |a 1438666106  |a 1472571837  |a 1492228836 
020 |a 9781546171461  |q (hardcover) 
020 |a 1546171460  |q (hardcover) 
020 |a 9781761641176  |q (paperback) 
020 |a 1761641174  |q (paperback) 
035 |a (OCoLC)1501393986  |z (OCoLC)1438666106  |z (OCoLC)1472571837  |z (OCoLC)1492228836 
050 4 |a PZ7.C6837  |b Su 2025 
082 0 4 |a [Fic]  |2 23/eng/20250224 
100 1 |a Collins, Suzanne,  |e author.  |1 https://id.oclc.org/worldcat/entity/E39PBJxrTkq6wJJb8DQ7mvXrv3 
245 1 0 |a Sunrise on the reaping /  |c Suzanne Collins. 
250 |a First edition. 
264 1 |a New York :  |b Scholastic Press,  |c 2025. 
264 4 |c ©2025 
300 |a 382 pages ;  |c 22 cm. 
336 |a text  |b txt  |2 rdacontent 
337 |a unmediated  |b n  |2 rdamedia 
338 |a volume  |b nc  |2 rdacarrier 
490 1 |a A Hunger games novel ;  |v [5] 
520 |a "As the day dawns on the fiftieth annual Hunger Games, fear grips the districts of Panem. This year, in honor of the Quarter Quell, twice as many tributes will be taken from their homes. Back in District 12, Haymitch Abernathy is trying not to think too hard about his chances. All he cares about is making it through the day and being with the girl he loves. When Haymitch's name is called, he can feel all his dreams break. He's torn from his family and his love, shuttled to the Capitol with the three other District 12 tributes: a young friend who's nearly a sister to him, a compulsive oddsmaker, and the most stuck-up girl in town. As the Games begin, Haymitch understands he's been set up to fail. But there's something in him that wants to fight . . . and have that fight reverberate far beyond the deadly arena"--  |c Provided by publisher. 
650 0 |a Survival  |v Juvenile fiction. 
650 0 |a Television programs  |v Juvenile fiction. 
650 0 |a Interpersonal relations  |v Juvenile fiction. 
650 0 |a Contests  |v Juvenile fiction. 
650 0 |a Dystopias  |v Juvenile fiction. 
650 1 |a Survival skills  |v Fiction. 
650 1 |a Television programs  |v Fiction. 
650 1 |a Interpersonal relations  |v Fiction. 
650 1 |a Contests  |v Fiction. 
650 1 |a Dystopias  |v Fiction. 
650 1 |a Science fiction. 
650 1 |a Young adult fiction. 
650 6 |a Habiletés de survie  |v Romans, nouvelles, etc. pour la jeunesse. 
650 6 |a Émissions télévisées  |v Romans, nouvelles, etc. pour la jeunesse. 
650 6 |a Concours et compétitions  |v Romans, nouvelles, etc. pour la jeunesse. 
650 6 |a Dystopies  |v Romans, nouvelles, etc. pour la jeunesse. 
650 7 |a Contests  |v Fiction.  |2 sears 
650 7 |a Insurgency  |v Fiction.  |2 sears 
650 7 |a Survival  |v Fiction.  |2 sears 
655 7 |a Dystopian fiction.  |2 lcgft 
655 7 |a Science fiction.  |2 lcgft 
655 7 |a Novels.  |2 lcgft 
800 1 |a Collins, Suzanne.  |t Hunger Games (Series) ;  |v 5. 
938 |a Ingram Library Services  |b INGR  |n in902942309 
938 |a Children's Plus, Inc.  |b CHIL  |n 2418079 
938 |a Brodart  |b BROD  |n 136888941 
938 |a YBP Library Services  |b YANK  |n 21078589 
029 1 |a AU@  |b 000078320216 
994 |a Z0  |b TXA 
948 |h NO HOLDINGS IN TXA - 391 OTHER HOLDINGS 
999 f f |s e7a84ccc-2980-4a02-9f28-9503d162e025  |i e26924ca-a67a-4784-b32c-412082f3f5a0  |t 0 
952 f f |p 30_day  |a Texas A&M University  |b College Station  |c Business Library & Collaboration Commons  |s BLCC Bestseller Collection  |d West Campus Library Bestseller Collection  |t 0  |e PZ7.C6837 Su 2025  |h Library of Congress classification  |i unmediated -- volume  |m A14852724864 
952 f f |p 30_day  |a Texas A&M University  |b College Station  |c Sterling C. Evans Library  |s Evans Bestseller Collection  |d Evans Bestseller Collection  |t 0  |e PZ7.C6837 Su 2025  |h Library of Congress classification  |i unmediated -- volume  |m A14852718973 
952 f f |p 30_day  |a Texas A&M University  |b Galveston Campus  |c Jack K. Williams Library  |s galv bsc  |d Galveston Bestseller Collection  |t 0  |e PZ7.C6837 Su 2025  |h Library of Congress classification  |i unmediated -- volume  |m A14852724872 
998 f f |a PZ7.C6837 Su 2025  |t 0  |l Evans: Curriculum Collection (4th floor) 
998 f f |a PZ7.C6837 Su 2025  |t 0  |l West Campus Library Bestseller Collection 
998 f f |a PZ7.C6837 Su 2025  |t 0  |l Galveston Stacks